[Event "Helsingor Xtracon op"]
[Site "Helsingor"]
[Date "2018.07.24"]
[Round "5"]
[White "Mansoor, Areeb"]
[Black "Sorensen, Bernhard"]
[Result "0-1"]
[WhiteElo "1205"]
[BlackElo "1691"]
[PlyCount "62"]
[EventDate "2018.07.21"]
[EventType "swiss"]
[EventRounds "10"]
[EventCountry "DEN"]
[SourceTitle "CBM 185 Extra"]
[Source "ChessBase"]
[SourceDate "2018.07.29"]
[SourceVersion "1"]
[SourceVersionDate "2018.07.29"]
[SourceQuality "1"]

1. e4 g6 2. d4 Bg7 3. Nf3 d6 4. Nc3 a6 5. Bf4 b5 6. a3 Bb7 7. Bd3 Nd7 8. b4 c5 9. Be2 cxd4 10. Na2 Bxe4 11. Rb1 Rc8 12. Bd3 Bd5 13. Nc1 e5 14. Qe2 Ne7 15. Bd2 f5 16. Bg5 e4 17. 0-0 exf3 18. gxf3 Ne5 19. f4 Nf3+ 20. Kh1 Nd2+ 21. Kg1 Nxf1 22. Kxf1 Kf7 23. Nb3 Bxb3 24. cxb3 Qd7 25. a4 Rhe8 26. Re1 Nd5 27. Qf3 Rxe1+ 28. Kxe1 Rc1+ 29. Kd2 Qc6 30. axb5 Qc3+ 31. Ke2 Re1# 0-1

[Event "Helsingor Xtracon op"]
[Site "Helsingor"]
[Date "2017.07.29"]
[Round "9"]
[White "Mansoor, Areeb"]
[Black "Joa, Sander"]
[Result "0-1"]
[WhiteElo "1059"]
[BlackElo "1480"]
[PlyCount "78"]
[EventDate "2017.07.22"]
[EventType "swiss"]
[EventRounds "10"]
[EventCountry "DEN"]
[SourceTitle "CBM 179 Extra"]
[Source "ChessBase"]
[SourceDate "2017.08.23"]
[SourceVersion "1"]
[SourceVersionDate "2017.08.23"]
[SourceQuality "1"]

1. e4 d5 2. exd5 Qxd5 3. Nc3 Qd6 4. Nf3 Nf6 5. Bc4 a6 6. Bb3 Nc6 7. d3 Bg4 8. Be3 e6 9. Qd2 Be7 10. 0-0-0 b5 11. a3 Rb8 12. Na2 a5 13. c3 a4 14. Bc2 h6 15. Bf4 e5 16. Bg3 Nh5 17. Rde1 Bxf3 18. gxf3 0-0 19. Rhg1 Bg5 20. f4 exf4 21. h4 Bf6 22. Bh2 Rfe8 23. Rxe8+ Rxe8 24. d4 Bxh4 25. f3 Qd5 26. Kb1 Qxf3 27. Bd1 Qe4+ 28. Ka1 Be1 29. Qc1 Nf6 30. Bc2 Qe3 31. Qd1 Qd2 32. Qb1 Qxh2 33. Rxe1 Rxe1 34. Qxe1 Qxc2 35. Qh1 Ne7 36. Qa8+ Kh7 37. Qh1 Qe4 38. Qxe4+ Nxe4 39. Nb4 f3 0-1

[Event "Helsingor Xtracon op"]
[Site "Helsingor"]
[Date "2017.07.28"]
[Round "8"]
[White "Johansen, Paul Ivar"]
[Black "Mansoor, Areeb"]
[Result "0-1"]
[WhiteElo "1301"]
[BlackElo "1059"]
[PlyCount "62"]
[EventDate "2017.07.22"]
[EventType "swiss"]
[EventRounds "10"]
[EventCountry "DEN"]
[SourceTitle "CBM 179 Extra"]
[Source "ChessBase"]
[SourceDate "2017.08.23"]
[SourceVersion "1"]
[SourceVersionDate "2017.08.23"]
[SourceQuality "1"]

1. Nf3 d5 2. d4 Nf6 3. h3 Nc6 4. Bf4 Bf5 5. e3 e6 6. a3 Bd6 7. Bxd6 Qxd6 8. Bb5 0-0 9. Bxc6 bxc6 10. 0-0 Be4 11. Ne5 Nd7 12. Nxd7 Qxd7 13. b4 Qe7 14. Nd2 f5 15. f3 Qg5 16. Qe2 Bxc2 17. a4 f4 18. Rfc1 Bf5 19. Rxc6 Bxh3 20. e4 dxe4 21. Nxe4 Qg6 22. Rxc7 Rac8 23. Rac1 Rcd8 24. Rxa7 Rxd4 25. Rcc7 Rd1+ 26. Kh2 Rb1 27. Rxg7+ Qxg7 28. Rxg7+ Kxg7 29. Kxh3 Rh1+ 30. Kg4 h5+ 31. Kg5 Rf5# 0-1

[Event "Fagernes TV2 Elo op"]
[Site "Fagernes"]
[Date "2017.04.11"]
[Round "3"]
[White "Syse, Knut"]
[Black "Mansoor, Areeb"]
[Result "1-0"]
[WhiteElo "1534"]
[BlackElo "1061"]
[PlyCount "107"]
[EventDate "2017.04.09"]
[EventType "swiss"]
[EventRounds "9"]
[EventCountry "NOR"]
[SourceTitle "CBM 177 Extra"]
[Source "ChessBase"]
[SourceDate "2017.04.27"]
[SourceVersion "1"]
[SourceVersionDate "2017.04.27"]
[SourceQuality "1"]

1. d4 Nf6 2. c4 e6 3. Nc3 d5 4. cxd5 exd5 5. Bg5 Be7 6. e3 Nc6 7. Bxf6 Bxf6 8. Qb3 b6 9. Qxd5 Qxd5 10. Nxd5 Bd8 11. Rc1 Be6 12. Nf4 Nb4 13. a3 Nd5 14. Nxe6 fxe6 15. Bb5+ Kf7 16. Nf3 Rf8 17. Ne5+ Kg8 18. Bc6 Rc8 19. Bd7 Ra8 20. Bxe6+ Kh8 21. Bxd5 Rc8 22. Nf7+ Kg8 23. Nxd8+ Kh8 24. Nf7+ Kg8 25. Nd6+ Kh8 26. Nxc8 Rxc8 27. 0-0 h6 28. Rc2 Rd8 29. Bf3 Rd7 30. Rfc1 c5 31. dxc5 bxc5 32. h3 g5 33. Rxc5 a5 34. Rc8+ Kg7 35. R8c7 Rxc7 36. Rxc7+ Kg6 37. Ra7 Kf5 38. Rxa5+ Kg6 39. b4 h5 40. Bxh5+ Kxh5 41. Rxg5+ Kxg5 42. b5 Kh4 43. b6 Kg5 44. b7 Kh4 45. b8Q Kg5 46. Qf4+ Kg6 47. h4 Kg7 48. Kh2 Kg6 49. Kg3 Kg7 50. Kg4 Kg6 51. Qf5+ Kg7 52. Kg5 Kg8 53. Qd7 Kh8 54. Kg6 1-0

[Event "Helsingor Xtracon op"]
[Site "Helsingor"]
[Date "2016.07.23"]
[Round "1"]
[White "Rasmussen, Lars Garne"]
[Black "Mansoor, Areeb"]
[Result "1-0"]
[WhiteElo "1956"]
[BlackElo "1020"]
[PlyCount "45"]
[EventDate "2016.07.23"]
[EventType "swiss"]
[EventRounds "10"]
[EventCountry "DEN"]
[SourceTitle "CBM 173 Extra"]
[Source "ChessBase"]
[SourceDate "2016.08.29"]
[SourceVersion "1"]
[SourceVersionDate "2016.08.29"]
[SourceQuality "1"]

1. e4 e5 2. Nf3 Nc6 3. Nc3 Nf6 4. d4 d6 5. Bc4 Bg4 6. Be3 exd4 7. Bxd4 Nxd4 8. Qxd4 c5 9. Qd3 Be7 10. 0-0 0-0 11. h3 Bd7 12. Rad1 Qb6 13. Rfe1 Qxb2 14. e5 dxe5 15. Nxe5 Rad8 16. Nxf7 Rxf7 17. Rxe7 Rdf8 18. Ne4 Be8 19. Nd6 Kh8 20. Nxf7+ Bxf7 21. Rxf7 Kg8 22. Rxf6+ Rf7 23. Qd8# 1-0